Audítorské postupy
Na minha lista:
| Autor principal: | |
|---|---|
| Formato: | Livro |
| Idioma: | eslovaco |
| Publicado em: |
Bratislava
SÚVAHA
1999
|
| Assuntos: | |
| Tags: |
Sem tags, seja o primeiro a adicionar uma tag!
|
MARC
| LEADER | 00000nam a2200000 4500 | ||
|---|---|---|---|
| 001 | c110091 | ||
| 005 | 20221102132524.2 | ||
| 020 | |a 80-88727-27-8 | ||
| 041 | 0 | |a slo | |
| 044 | |a SK | ||
| 245 | 1 | 0 | |a Audítorské postupy |c Július Nagy ... [et al.] |
| 264 | 1 | |a Bratislava |b SÚVAHA |c 1999 | |
| 300 | |a 276 s. | ||
| 610 | 2 | 0 | |a audítori |
| 610 | 2 | 0 | |a audítorstvo |
| 610 | 2 | 0 | |a metodika |
| 610 | 2 | 0 | |a postupy účtovné |
| 610 | 2 | 0 | |a plánovanie |
| 610 | 2 | 0 | |a závierka účtovná |
| 610 | 2 | 0 | |a audit |
| 610 | 2 | 0 | |a kontrolóri |
| 610 | 2 | 0 | |a kontrola finančná |
| 610 | 2 | 0 | |a účtovníci |
| 610 | 2 | 0 | |a účtovníctvo |
| 610 | 2 | 0 | |a dokumentácia účtovná |
| 610 | 2 | 0 | |a Slovensko |
| 100 | 1 | |a Nagy, Július | |